000 00578nam a22001817a 4500
005 20251108164829.0
008 250721s1988 xx 000 0 ara d
082 1 4 _a371.28/كيف
245 1 0 _aكيف تنجح :
_bطرق الإعداد للإمتحانات /
264 1 _aبيروت :
_bالشركة الشرقية للمطبوعات،
_c1988.
300 _a96ص
490 0 _aأسرتي
650 1 7 _aالنجاح
650 1 7 _aالإختبارات و القياسات التربوية
650 1 7 _aالتقييم التربوي
942 _2ddc
_cBK
999 _c15388
_d15388